00677nam a2200193 a 450000100100000000500170001000800410002702000150006804000250008324501550010826000210026330000210028449000150030550000730032070000270039370000270042070000210044783000150046800004393020201002045041.0140509s1992 sp ac 000 0 spa d a8423977048 aDO-SdBNPbspacBNPHU13aLa Década Socialista :bel ocaso de Felipe González /ccoordinadores, Javier Tusell, Justino Sinova ; colaboradores, Antonio Alemany ... [et al.]. aMadrid :,c1992. a316 p. ;c24 cm.1 aEspasa hoy aIncluye referencias bibliográdicas y notas al pie de las páginas12aTusell, Javier,d1945-12aSinova, Justinod1945-12aAlemany, Antonio 0aEspasa hoy